00713nam a2200169 i 450000100060000000300090000600500170001500700030003200800410003510000440007624501600012026000630028030000290034385200320037299900170040495201220042125204ES-MaACL20230906153218.0t|021220s1963 sp ||||1| spa d1 aArgamenteria García, Rodolfo.919870913aLa dimensión óptima de la empresa metalúrgica española en orden a la integración en unidades supranacionales / cRodolfo Argamentería García. aMadrid : b[s.n., c1963] (fArtes Gráficas y Ediciones) aXVIII, 230 p. ; c25 cm. aES-MaACLjC-24006 bR.52827 c25204d25204 00104070aATENEOMbATENEOMcDEPO2d2008-01-17eSCl0oC-24006p1025985r2023-02-23 00:00:00w2023-02-23yMONOGRAFIA